Reconnais et nomme ces artistes francophones VOL5 - Statistiques

Statistiques générales
  • Ce quiz a été pris 48 fois
  • Le résultat moyen est 10 sur 16
Statistiques - réponses
Par images Réponse % Correct
Claude François
100%
Renaud
93%
David Guetta
91%
Vitaa
88%
Grégory Lemarchal
86%
Jul
86%
Hoshi
77%
Alain Souchon
74%
Brigitte Bardot
72%
MC Solaar
67%
Benjamin Biolay
60%
Marine
60%
Zaho de Sagazan
44%
Elsa
37%
Brigitte Fontaine
9%
Matmatah
2%
Aucun quiz correspondant
Distribution des résultats
% des personnes avec chaque résultat
Percentile par nombre de réponses
Votre historique - résultats
Vous n’avez pas pris ce quiz